000 00831nam a2200253 i 4500
001 67299
003 ES-MaACL
005 20231218163225.0
007 t|
008 040518s2003 sp ||||0| spa d
020 _a84-8306-559-2
080 _a929 María Antonieta (44)
100 1 _aZweig, Stefan,
_d1881-1942
_9118562
245 1 0 _aMaría Antonieta
_b: retrato de una reina mediocre /
_cStefan Zweig ; traducción de Carlos Fortea.
250 _a1ª ed.
260 _a[Barcelona] :
_bDebate,
_c2003.
300 _a508 p. ;
_c22 cm.
490 1 _aNarrativa. Biografías
600 0 4 _aMaría Antonieta
_cReina consorte de Luis XVI, Rey de Francia.
_976657
700 1 _aFortea, Carlos,
_d1963-
_951844
830 0 _aNarrativa. Biografías
_9230887
852 _aES-MaACL
_jL-27514
999 _c67299
_d67299